| 000 | 00625nam a2200145 a 4500 | ||
|---|---|---|---|
| 008 | 110523s1979 ||||||||||||||||| || u | ||
| 050 | _aCOMM (02) | ||
| 110 | _aCommonwealth Secretariat | ||
| 245 | 1 | 0 | _aEffective use of training methodologies: report and recommendations of an expert group, Touraine, Canada, 18-22 June, 1979 |
| 260 |
_aLondon: _bCommonwealth Secretariat _c1979 |
||
| 300 | _aiv, 249p.: ill. | ||
| 350 | _a0.00 | ||
| 650 | _aTRAINING NEEDS | ||
| 995 |
_D0.00 _FCBU-MAIN LIBRARY (Kitwe) _H1 _I0.00 _M1 _UAVAILABLE _WMay 23, 2011 _ZInternational Publications |
||
| 999 |
_c41297 _d41297 |
||